000 00367nam a2200133Ia 4500
003 GCL
008 140319s9999 xx 000 0 ara d
040 _aGCL /
_cGCL
082 0 4 _a221.133
_bح م
245 1 0 _aمختصر البيان فى فواتح سور القرأن
260 _a[S.N] :
_bمركز الكتاب للنشر ،
_c1993
300 _a80 ص
490 _a
999 _c46835
_d46835